01539nam a2200325 i 4500001000700000003000700007005001700014008004100031016003100072017004900103020001500152035002000167040003900187080001400226100005800240245007900298260002900377300005300406336002200459337003000481338002400511520030000535650003800835700004400873852009600917903002801013942001801041999001901059952013501078195530SpMaBN20250711063128.0240619s2003 sp | ||| ||spa 7 abimoBNE200305334492SpMaBN aM 8754-2003bOficina Depósito Legal Madrid a8473563425 a(OCoLC)52046594 aSpMaBNbspacSpMaBNerdcdES-MaACL a659:334.7 aOrdozgoiti de la Rica, Rafael0XX16409039237120eaut10aImagen de marca /cRafael Ordozgoiti de la Rica, Ignacio Pérez Jiménez aMadrid : bESIC, c2003. a216 páginas :bilustrado, gráficos ; c24 cm 2rdacontentatexto 2rdamediaasin mediación 2rdacarrieravolumen aEste libro explica cómo se desarrollan las percepciones , las imágenes de marca sobre productos, servicios, empresas e instituciones. Lo hacen en base a ejemplos reales, muchos de ellos conocidos desde " la trinchera", vividos por los autores en directo a lo largo de su carrera profesional. 0aImagen corporativa2embne92371461 aPérez Jiménez, Ignacio9237147eaut aES-MaACLcDEPOJjN-10037hDonación: Helena de la JoyaxEncuadernación rústica9206184 aJoya, Helena de laednr cMONOGRAFIAn0 c195530d195530 00102udc4070aATENEOMbATENEOMcDEPOJd2025-07-09eDONACIONl0oN-10037p2025-0575r2025-07-09 00:00:00w2025-07-09yMONOGRAFIA